Avrupa Topluluğu ülkelerinde aile politikası (Record no. 2732)
[ view plain ]
| 000 -BAŞLIK | |
|---|---|
| Sabit Uzunlukta Kontrol Alanı | 00735na a2200253 4500 |
| 001 - KONTROL NUMARASI | |
| Denetim Alanı | 13346 |
| 003 - KONTROL NUMARASI IDENTIFIER | |
| Denetim Alanı | MIRAKIL |
| 005 - SON İŞLEM TARİHİ VE ZAMANI | |
| Denetim Alanı | 20181213154908.0 |
| 008 - SABİT-BOY VERİ ELEMANLARI - GENEL BİLGİLER | |
| Sabit Uzunlukta Kontrol Alanı | 161010b tu 000 0 |
| 020 ## - ULUSLARARASI STANDART KİTAP NUMARASI | |
| Uluslararası Standart Kitap Numarası | 9751904269 |
| 035 ## - SİSTEM KONTROL NUMARASI | |
| Sistem Kontrol Numarası | 13346 |
| 040 ## - KATALOGLAMA KAYNAK | |
| Orijinal Kataloglama Ajansı | Milas |
| Kataloglama Dili | tur |
| Metne Dönüştürmek Ajansı | TR-AnCHP |
| 041 ## - DİL KODU | |
| Metin / Ses Parça Veya Ayrı Başlığın Dil Kodu | tur |
| 082 ## - DEWEY ONLU SINIFLANDIRMA NUMARASI | |
| Sınıflandırma Numarası | 306.85 |
| Ürün Numarası | A86 1991 |
| 090 ## - SINIFLAMA NUMARASI | |
| Sınıflama Numarası | 306.85 A86 1991 |
| 245 ## - BAŞLIK TABLOSU | |
| Başlık | Avrupa Topluluğu ülkelerinde aile politikası |
| Sorumluluk Tablosu, Vb | Derleyen W. Dumon |
| 260 ## - YAYIN, DAĞITIM, VB | |
| Yayın, Dağıtım, Vb Yeri | Ankara |
| Yayıncı, Dağıtıcı, Vs Adı | Aile Araştırma Kurumu Başkanlığı |
| Yayın, Dağıtım, Vb Tarihi | 1991 |
| 300 ## - FİZİKSEL TANIM | |
| Kapsam | xiii, 205 s. |
| Diğer Fiziksel Ayrıntıları | tbl. |
| Boyutlar | 24 sm. |
| 490 ## - SERİSİ TABLOSU | |
| Seri Beyanı | Bilim serisi |
| Hacim / Ardışık Tanımı | 8 |
| 490 ## - SERİSİ TABLOSU | |
| Seri Beyanı | Aile Araştırma Kurumu Başkanlığı yayınları |
| Hacim / Ardışık Tanımı | 69 |
| 650 ## - KONU KATMA GİRİŞ - TOPİKAL DÖNEM | |
| Topikal Süreli Veya Coğrafi Ad Giriş Elemanı | Aile politikası |
| Coğrafi Alt Bölümü | Avrupa |
| 700 ## - KATMA GİRİŞ - KİŞİSEL İSİM | |
| Kişisel Ad | Dumon, W. |
| 942 ## - EKLENDİ GİRİŞ ELEMANLARI (KOHA) | |
| Sınıflandırma Veya Raf Düzeni Kaynak | Dewey Decimal Classification |
| Koha Öğesi Türü | Books |
| 999 ## - SİSTEM KONTROL NUMARALARI (KOHA) | |
| Koha Biblionumber | 2732 |
| Koha Biblioitemnumber | 2732 |
| Kalıcı Konum | Mevcut Konum | Edinme Tarihi | Edinim Kaynak | Toplam Check-Out'Lar | Tam Çağrı Numarası | Barkod | Tarih Son Görülme | İtibaren Geçerli Fiyatlar | Koha Öğesi Türü | Kopya Sayısı |
|---|---|---|---|---|---|---|---|---|---|---|
| CHP Kütüphanesi | CHP Kütüphanesi | 08/13/2016 | Bağış | 306.85 A86 1991 | 000752 | 08/13/2016 | 08/13/2016 | Books | ||
| CHP Kütüphanesi | CHP Kütüphanesi | 12/28/2016 | Bağış | 306.85 A86 1991 | 010344 | 12/28/2016 | 12/28/2016 | Books | k.2 |
